<?xml version="1.0" encoding="UTF-8"?>
<record
    xmlns:xsi="http://www.w3.org/2001/XMLSchema-instance"
    xsi:schemaLocation="http://www.loc.gov/MARC21/slim http://www.loc.gov/standards/marcxml/schema/MARC21slim.xsd"
    xmlns="http://www.loc.gov/MARC21/slim">

  <leader>01147nam a22001457a 4500</leader>
  <datafield tag="999" ind1=" " ind2=" ">
    <subfield code="c">514580</subfield>
    <subfield code="d">514580</subfield>
  </datafield>
  <controlfield tag="008">201120b           ||||| |||| 00| 0 eng d</controlfield>
  <datafield tag="100" ind1=" " ind2=" ">
    <subfield code="a">Menudo, Jose, M. and Rieucau, Nicolas. </subfield>
    <subfield code="9">21147</subfield>
  </datafield>
  <datafield tag="245" ind1=" " ind2=" ">
    <subfield code="a">The rural economics of Rene De girardin: Landscapes at the service of L'ideologie nobiliaire </subfield>
  </datafield>
  <datafield tag="260" ind1=" " ind2=" ">
    <subfield code="a">Journal of the History of Ideas </subfield>
  </datafield>
  <datafield tag="300" ind1=" " ind2=" ">
    <subfield code="a"> 81(3), Jul, 2020: 429-449</subfield>
  </datafield>
  <datafield tag="520" ind1=" " ind2=" ">
    <subfield code="a">Ren&#xE9;-Louis de Girardin is remembered for having invited Rousseau to hisErmenonville estate. Girardin believed it necessary to further the debate on gardens on the basis of a principle of continuity that rejects any idea of enclosure. This made it possible to establish an agricultural model that increased production and finally allowed the monopoly in grain sales to be broken. At the service of l'id&#xE9;ologienobiliaire, his analysis shows the existence of a form of economic thinking in the second half of the eighteenth century that, giving primacy to agriculture, nevertheless cannot fall within the paths of physiocrats and agronomists.- Reproduced 
</subfield>
  </datafield>
  <datafield tag="773" ind1=" " ind2=" ">
    <subfield code="a">Journal of the History of Ideas</subfield>
  </datafield>
  <datafield tag="906" ind1=" " ind2=" ">
    <subfield code="a">RURAL ECONOMICS</subfield>
  </datafield>
  <datafield tag="942" ind1=" " ind2=" ">
    <subfield code="c">AR</subfield>
  </datafield>
  <datafield tag="952" ind1=" " ind2=" ">
    <subfield code="0">0</subfield>
    <subfield code="1">0</subfield>
    <subfield code="2">ddc</subfield>
    <subfield code="4">0</subfield>
    <subfield code="7">0</subfield>
    <subfield code="9">388585</subfield>
    <subfield code="a">IIPA</subfield>
    <subfield code="b">IIPA</subfield>
    <subfield code="d">2020-11-20</subfield>
    <subfield code="h"> 81(3), Jul, 2020: 429-449</subfield>
    <subfield code="p">AR123573</subfield>
    <subfield code="r">2020-11-20</subfield>
    <subfield code="y">AR</subfield>
  </datafield>
</record>
